00383nam a2200109 4500008004100000245001500041246004500056260006600101942000700167952008400174999001500258240223b |||||||| |||| 00| 0 eng d aOur Laws 3 aBonded labour protection of civil rights aIndia :bThe Department of women and child development,c1992 cCR 00102ddc4070aMAINbMAINd2024-02-23l0pRAF5107r2024-02-23w2024-02-23yCR c4815d4815